Quiz de Mapa dos Bairros Oficiais de Guarulhos - Statistics

Estatísticas Gerais
  • Esse quiz foi jogado 45 vezes
  • A pontuação média é 3 de 47
Respostas no mapa
Respostas codificadas por cores de uma escala verde-vermelha no mapa do quiz de acordo com a % correta abaixo.
 
Estatísticas das Respostas
Resposta % Correto
Aeroporto
46%
Ponte Grande
33%
Centro (Guarulhos)
21%
Cumbica
21%
Pimentas
17%
Vila Any (Itaim)
17%
Cabuçu
13%
Jardim Vila Galvão
13%
Morro Grande
13%
Vila Galvão
13%
Bonsucesso
8%
Cabuçu de Cima
8%
CECAP
8%
Morros
8%
Presidente Dutra
8%
São João
8%
Água Chata
4%
Bananal
4%
Fortaleza
4%
Gopoúva
4%
Maia
4%
Monte Carmelo
4%
Picanço
4%
Sadokim
4%
São Roque
4%
Taboão
4%
Tranquilidade
4%
Várzea do Palácio
4%
Vila Barros
4%
Vila Rio
4%
Água Azul
0%
Aracília
0%
Bela Vista
0%
Bom Clima
0%
Capelinha
0%
Cocaia
0%
Fátima
0%
Invernada
0%
Itapegica
0%
Lavras
0%
Macedo
0%
Mato das Cobras
0%
Paraventi
0%
Porto da Igreja
0%
Tanque Grande
0%
Torres Tibagy
0%
Vila Augusta
0%
Nenhum quiz correspondente encontrado
Distribuição das Pontuações
Porcentagem de Pessoas com Cada Pontuação
Percentil de Números Respondidos
Sua Pontuação Histórica
Você não jogou esse quiz